000 01378nam a2200241Ia 4500
003 CO-CtgCURN
005 20250408213715.0
008 190722s9999 xx 000 0 und d
020 _a8434415305
040 _aCO-CtgCURN
_bspa
_ccoctgcurn
082 _a342.46
_bO91d
100 _aOtto, Ignacio de
245 0 _aDerecho constitucional :
_bsistema de fuentes /
_cIgnacio de Otto
260 _aBarcelona, España :
_bEditorial Ariel,
_c2001
300 _a315 páginas ;
_c24 centímetros
490 _aDerecho,
505 _a Cap. 1. El concepto de Constitucion -- Cap. 2. La Constitucion española : posicion en el ordenamiento y contenido -- Cap. 3. Las funciones de la Constitucion -- Cap. 4. Elaboracion y reforma de la Constitucion -- Cap. 5. La Constitucion y el sistema de fuentes del derecho -- Cap. 6. La ley -- Cap. 7. La posicion de la ley en el ordenamiento juridico -- Cap. 8. El concepto material de ley -- Cap. 9. El decreto legislativo -- Cap. 10. El decreto-ley -- Cap. 11. El reglamento -- Cap. 12. El principio autonomico y el sistema de fuentes -- Cap. 13. La creacion de derecho por los jueces.
521 _aAREA PROFESIONAL
590 _aPrograma de Derecho_18
650 _aDerecho constitucional y administrativo
_zEspana
942 _cBK
_h342.46
_iO91d
_2ddc
_n0
999 _c28471
_d28471